India at Century`s End (Record no. 12065)

MARC details
000 -LEADER
fixed length control field 00624nam a2200241 a 4500
020 ## - INTERNATIONAL STANDARD BOOK NUMBER
ISBN 8185990
082 00 - DEWEY DECIMAL CLASSIFICATION NUMBER
Classification number 954
Author Cutter KAK
100 ## - MAIN ENTRY--AUTHOR NAME
Author name Kak, Subhash
245 ## - TITLE STATEMENT
Title India at Century`s End
Sub title Essays on History and Politics
260 ## - PUBLICATION, DISTRIBUTION, ETC. (IMPRINT)
Place of publication New Delhi
Name of publisher Voice of India
Year of publication 1994
300 ## - PHYSICAL DESCRIPTION
Number of Pages 214p
500 ## - GENERAL NOTE
General note includes index and biblioraphy
505 2# - FORMATTED CONTENTS NOTE
Formatted contents note forword by mahmud ayoub
650 ## - SUBJECT ADDED ENTRY--TOPICAL TERM
Topical Term India-History
942 ## - ADDED ENTRY ELEMENTS (KOHA)
Koha item type Books
700 1# -
-- Kak, Subhash
Holdings
Collection code Home library Current library Date acquired Cost, normal purchase price Full call number Accession Number Koha item type
  Henry Martyn Institute Library Henry Martyn Institute Library 04/03/2007 100.00 954 KAK 017795 Books
                   Copyright © 2026 | Henry Martyn Institute | Hyderabad | TS-500052 | INDIA | Implemented by hmi.edu.in
Hit-Count:

Powered by Koha